Android 6 for programmers: an app-driven approach (Record no. 13756)
[ view plain ]
| 000 -LEADER | |
|---|---|
| fixed length control field | 00410nam a22001697a 4500 |
| 020 ## - INTERNATIONAL STANDARD BOOK NUMBER | |
| International Standard Book Number | 9789332570801 |
| 082 ## - DEWEY DECIMAL CLASSIFICATION NUMBER | |
| Classification number | 005.276 DEI |
| 100 ## - MAIN ENTRY--PERSONAL NAME | |
| Personal name | Paul Deitel |
| 245 ## - TITLE STATEMENT | |
| Title | Android 6 for programmers: an app-driven approach |
| 260 ## - PUBLICATION, DISTRIBUTION, ETC. | |
| Place of publication, distribution, etc. | India |
| Name of publisher, distributor, etc. | Pearson |
| Date of publication, distribution, etc. | 2016 |
| 300 ## - PHYSICAL DESCRIPTION | |
| Extent | 422p. |
| 650 ## - SUBJECT ADDED ENTRY--TOPICAL TERM | |
| Topical term or geographic name entry element | Computer science |
| 650 ## - SUBJECT ADDED ENTRY--TOPICAL TERM | |
| Topical term or geographic name entry element | Power control |
| 650 ## - SUBJECT ADDED ENTRY--TOPICAL TERM | |
| Topical term or geographic name entry element | Bluetooth robot |
| 650 ## - SUBJECT ADDED ENTRY--TOPICAL TERM | |
| Topical term or geographic name entry element | Microprocessing |
| 942 ## - ADDED ENTRY ELEMENTS (KOHA) | |
| Koha item type | Book |
| Withdrawn status | Lost status | Damaged status | Not for loan | Collection code | Permanent Location | Current Location | Shelving location | Date acquired | Source of acquisition | Cost, normal purchase price | Total Checkouts | Full call number | Barcode | Date last seen | Date last checked out | Price effective from | Koha item type | Source of classification or shelving scheme |
|---|---|---|---|---|---|---|---|---|---|---|---|---|---|---|---|---|---|---|
| Central Library (CL) | Central Library (CL) | First Floor - Software Engineering/ Programming Language | 10/04/2016 | Allied Book Company | 656.00 | 3 | 005.276 DEI | SEECS013532 | 10/07/2019 | 07/24/2019 | 10/04/2016 | Book | ||||||
| Central Library (CL) | Central Library (CL) | 06/17/2020 | Allied Book Company | 005.276 DEI | CL-289 | 06/17/2020 | 06/17/2020 | Book | ||||||||||
| Central Library (CL) | Central Library (CL) | 06/17/2020 | Allied Book Company | 005.276 DEI | CL-290 | 06/17/2020 | 06/17/2020 | Book | ||||||||||
| Central Library (CL) | Central Library (CL) | 06/17/2020 | Allied Book Company | 005.276 DEI | CL-291 | 06/17/2020 | 06/17/2020 | Book |
